Railway freight traffic in prosperity and depression

Αποθηκεύτηκε σε:
Λεπτομέρειες βιβλιογραφικής εγγραφής
Κύριος συγγραφέας: Hultgren, Thor 1902-
Μορφή: Βιβλίο
Γλώσσα:English
Δημοσίευση: New York : National Bureau of Economic Research, 1942
Σειρά:Occasional paper (National Bureau of Economic Research) ; 5
Θέματα:
Ετικέτες: Προσθήκη ετικέτας
Δεν υπάρχουν, Καταχωρήστε ετικέτα πρώτοι!

MARC

LEADER 00000cam a2200000 i 4500
001 1/8938
008 000727s1942 eng d
035 |l 10062866 
040 |a GR-MY-UA  |b gre  |e aacr 
041 0 |a eng 
082 0 |a 385.240973 
100 1 |a Hultgren, Thor  |d 1902- 
245 1 0 |a Railway freight traffic in prosperity and depression /  |c Thor Hultgren 
260 |a New York :   |b National Bureau of Economic Research,   |c 1942 
300 |a 51 p.;  |b ill.;  |c 22 cm 
490 1 |a Occasional paper (National Bureau of Economic Research)  |v ; 5 
650 0 0 |a Railroads  |z United States  |x Freight. 
650 0 0 |a Business cycles. 
830 0 |a Occasional paper (National Bureau of Economic Research)  |v ; 5 
852 |a INST  |b CHIOS  |e 20000727  |h 385.240973 HUL  |p 005200018398  |q 005200018398  |t BK  |y 0 
901 |a BIBL2-2000-2 
909 |a Χ  |b 074701 
970 |z 2000/07/ELIDOC